000 00727nam a2200277 a 4500
003 AR-BaBNM
005 20251128210546.0
008 082120s2002 ||||||||||||||000 | spa||
020 _a0582-316480
040 _cAR-BaBNM
100 1 _aElsworth, Steve
245 0 0 _aLet's go for EGB!
_bstudents' book. 4 : with activity book
250 _a1ª ed.
260 _aEdinburgh
_bLongman
_c1998
300 _a96 p.
_bil., tablas
650 4 _aENSEÑANZA DE IDIOMAS
650 4 _aINGLES
650 4 _aTECNICAS DIDACTICAS
650 4 _aACTIVIDADES DE APRENDIZAJE
650 4 _aLIBROS DE TEXTO
653 _aEDUCACION GENERAL BASICA
700 1 _aRose, Jim
700 1 _aDate, Olivia
942 _cBK
998 _cRAQUEL
999 _c15937
_d15937